00331pab a2200109 454500008004000000100002200040245009200062260000900154300001300163362001100176773003400187180718b2015 xxu||||| |||| 00| 0 eng d aBanerjee, Sumanta aThe yogi as a pugilist: psychotherapy- cum- martial exercise in the Indian Armed forces c2015 ap.10-13. a15 Aug aEconomic and Political Weekly